000 00806nam a2200229Ia 4500
003 GCL
008 140319s9999 xx 000 0 ara d
020 _a4848305977
040 _aGCL /
_cGCL
082 0 4 _a792.0233
_bس م
100 1 _aمحمود كامل
245 1 0 _aمن اعلام المخرجين المسرحيين ماكس راينهارت /
_cمحمود كامل
700 1 _aسامى خشبة
700 1 _aستيان ، ج 0 ل
250 _aالاولى
260 _aالقاهرة :
_bوزارة الثقافة - مهرجان القاهرة الدولى للمسرح التجريبى ،
_c2005
300 _a211ص ؛
_c24سم
650 0 4 _aالاخراج المسرحى
650 0 4 _aالتمثيل فى المسرح
650 0 4 _aراينهارت ، ماكس
942 _2ddc
_cBK
999 _c7781
_d7781